|
|
|
|
| LEADER |
00000cam a2200000 4500 |
| 001 |
vtls011978556 |
| 003 |
SK-MaSNL |
| 005 |
20260301103155.0 |
| 008 |
230501s2020 xo gr 000 0 slo |
| 015 |
|
|
|a SNBA2021/07
|
| 020 |
|
|
|a 9788081614132
|q (brožované)
|
| 035 |
|
|
|a urn:nbn:sk:snk-am00ic35
|
| 035 |
|
|
|a 0EA8569D-86A8-4C06-AF18-4A65CD3BB66A
|
| 040 |
|
|
|a SNK
|b slo
|c SNK
|e rda
|
| 041 |
0 |
|
|a slo
|
| 044 |
|
|
|a xo
|c SK
|
| 072 |
|
7 |
|a 27-5
|x Liturgia. Kresťanské umenie a symbolika. Duchovný život
|2 konspekt
|
| 080 |
|
|
|a 27-532.2/.4
|2 2011
|
| 080 |
|
|
|a (0:82-97)
|2 2011
|
| 245 |
0 |
0 |
|a Pobožnosť deviatich prvých piatkov
|c zostavila Alžbeta Šuplatová
|
| 264 |
|
1 |
|a Trnava
|b Spolok svätého Vojtecha
|c 2020
|
| 300 |
|
|
|a 25 strán
|b fotografia
|c 15 cm
|
| 336 |
|
|
|a text
|b txt
|2 rdacontent
|
| 337 |
|
|
|a bez média
|b n
|2 rdamedia
|
| 338 |
|
|
|a zväzok
|b nc
|2 rdacarrier
|
| 490 |
1 |
|
|a Modlitba
|v 4. zväzok
|
| 650 |
0 |
7 |
|a pobožnosti
|2 SNKPH
|9 74904
|
| 650 |
0 |
7 |
|a Devotions
|2 SNKPHeng
|9 304465
|
| 655 |
|
7 |
|a modlitby
|2 SNKPH
|9 70550
|
| 655 |
|
7 |
|a Prayers
|2 SNKPHeng
|9 291214
|
| 700 |
1 |
|
|a Šuplatová, Alžbeta
|4 com
|9 67735
|
| 830 |
|
0 |
|a Modlitba
|9 299945
|
| 852 |
|
|
|a Slovenská národná knižnica
|
| 919 |
|
|
|a 978-80-8161-413-2
|
| 954 |
|
|
|a duchovná literatúra pôvodná (slovenská)
|2 lita
|
| 958 |
|
|
|a NT
|
| 999 |
|
|
|c 694363
|d 696293
|
| 952 |
|
|
|a SNK
|b SNK
|y PREZ
|7 0
|p 17A1453874
|o snkSE 13971
|i snk2021/6083
|8 0
|0 0
|1 0
|4 0
|d 2021-06-01
|f 1
|l 0
|r 2026-02-23 20:37:57
|w 2026-02-23
|
| 952 |
|
|
|a SNK
|b SNK
|y VYP
|7 0
|p 17A1453875
|o snkSE 13971 D1
|i snk2021/6084
|8 0
|0 0
|1 0
|4 0
|d 2021-06-01
|l 0
|r 2026-02-23 20:37:57
|w 2026-02-23
|